| 000 | 00717cam a22002657a 4500 | ||
|---|---|---|---|
| 001 | 000834 | ||
| 003 | armpunfd | ||
| 005 | 20140612090622.0 | ||
| 008 | 011019e1988####xx#a##########000#0#und#d | ||
| 040 |
_aarmpunfd _carmpunfd |
||
| 080 | _a351.83 R 618 | ||
| 100 | 1 | 0 | _a Rodriguez, Enrique |
| 245 | 1 | 0 | _aNueva legislacion de convenciones colectivas de trabajo |
| 260 |
_a Buenos Aires _b Gizeh _c1988 |
||
| 300 | _a335p. | ||
| 650 | 7 |
_a23.546 _2LEMB |
|
| 650 | 7 |
_a Convenios Colectivos _2LEMB |
|
| 650 | 7 |
_a Derecho Laboral _2LEMB |
|
| 650 | 7 |
_a Ley 23.544 _2LEMB |
|
| 650 | 7 |
_a Ley 23.545 _2LEMB |
|
| 650 | 7 |
_a Trabajo _2LEMB |
|
| 700 | 1 | 0 | _aRial, Noemi |
| 942 |
_cLB _2cdu |
||
| 945 |
_aCatalis _d2010-08-19 |
||
| 999 |
_c825 _d231329 |
||